Most Streamed Tyler, The Creator Songs - Statistics

General Stats
  • This quiz has been taken 579 times
    118 since last reset
  • The average score is 13 of 22
Answer Stats
Change Streams Song % Correct
28.79% 2,629,983,787 See You Again
94%
NEW 601,756,127 Like Him
86%
17.20% 1,271,660,750 EARFQUAKE
85%
NEW 277,404,721 St. Chroma
78%
30.96% 692,705,970 She
76%
19.65% 837,746,829 NEW MAGIC WAND
75%
32.92% 767,819,796 ARE WE STILL FRIENDS?
70%
NEW 438,154,005 Sticky
69%
13.38% 438,720,279 911 / Mr. Lonely
67%
18.23% 538,363,016 GONE, GONE / THANK YOU
67%
19.12% 386,860,185 I THINK
57%
9.74% 267,252,589 Yonkers
57%
27.89% 314,645,059 IFHY
56%
22.72% 384,231,375 SWEET / I THOUGHT YOU WANTED TO DANCE
54%
16.94% 270,992,004 A BOY IS A GUN*
47%
17.38% 436,298,008 WUSYANAME
47%
24.95% 353,144,050 RUNNING OUT OF TIME
42%
8.00% 275,435,831 Who Dat Boy
40%
8.51% 351,826,176 Boredom
35%
21.82% 774,900,010 BEST INTEREST
34%
17.09% 264,356,702 Where This Flower Blooms
20%
9.10% 319,279,723 Potato Salad
19%
No matching quizzes found
Score Distribution
Percent of People with Each Score
Percentile by Number Answered
Your Score History
You have not taken this quiz since the last reset